|
|
|
|
| LEADER |
00938nam a2200241 a 4500 |
| 001 |
1086581 |
| 008 |
090826s1987 si a 001 0 eng d |
| 020 |
|
|
|a 9971502933 (cased)
|
| 020 |
|
|
|a 9971503123 (pbk.)
|
| 082 |
0 |
0 |
|a 523.1
|2 20
|
| 100 |
1 |
|
|a Wonnacott, Thomas H.,
|d 1935-
|
| 245 |
1 |
0 |
|a Quantum cosmology /
|c edited by Li Zhi Fang, Remo Ruffini.
|
| 260 |
|
|
|a Singapore :
|b World Scientific,
|c c1987.
|
| 300 |
|
|
|a viii, 329 p. :
|b ill. (some col.) ;
|c 26 cm.
|
| 490 |
0 |
|
|a Advanced series in astrophysics and cosmology ;
|v v. 3
|
| 541 |
1 |
|
|e 00014603
|
| 650 |
|
0 |
|a Cosmology.
|
| 650 |
|
0 |
|a Quantum theory.
|
| 700 |
1 |
|
|a Fang, Lizhi.
|
| 700 |
1 |
|
|a Ruffini, Remo.
|
| 852 |
4 |
|
|a Ayesha Abed Library
|j General shelf
|
| 999 |
|
|
|c 3902
|d 3902
|
| 952 |
|
|
|0 0
|1 0
|2 ddc
|4 0
|6 523_100000000000000_QUA
|7 0
|9 3545
|a BRACUL
|b BRACUL
|c GEN
|d 2009-09-15
|g 0.00
|l 2
|m 46
|o 523.1 QUA
|p 3010014603
|r 2023-07-27
|s 2023-01-03
|t 1
|w 2009-09-15
|y BK
|x No price found in the accession register.
|